| 000 | 01047nam a22002657a 4500 | ||
|---|---|---|---|
| 999 |
_c10447 _d10447 |
||
| 003 | GBCCL | ||
| 005 | 20241126110732.0 | ||
| 008 | 240719b ||||| |||| 00| 0 eng d | ||
| 020 | _a9781576581742 | ||
| 020 | _a1576581748 | ||
| 040 | _cGBC | ||
| 082 |
_a266.0092 _bBEN |
||
| 100 |
_aBenge,Janet _918174 |
||
| 245 |
_aJonathan Goforth : _ban open door in China / _cJanet Benge, Geoff Benge |
||
| 260 |
_aSeattle, WA, _bYWAM Pub., _c2022 |
||
| 300 |
_a207 pages : _bmaps ; _c21 cm |
||
| 440 |
_aChristian heroes, then & now _917374 |
||
| 505 | _aTwiced saved A country bumpkin You go to China, we'll supply the money China at last Sorrow and success Changte An open door Headed west Ku-Mu-shih An unexpected response I will trust you Chang-san New directions Manchuria Faithful servant of Jesus Christ | ||
| 600 |
_aGoforth, Jonathan, _d1859-1936 _910580 |
||
| 650 |
_aBiographies _916526 |
||
| 650 |
_aChina _918175 |
||
| 650 |
_aJuvenile works _vMissionaries _918176 |
||
| 650 |
_aMissionaries _zChina _918177 |
||
| 942 |
_2ddc _cBK |
||